Statistics for Count to Ten in Russian

Click here to take the quiz!

General Stats

  • This quiz has been taken 81 times
  • The average score is 7 of 10

Answer Stats

HintAnswer% Correct
3Три
96%
2Два
90%
1Один
80%
5Пять
70%
7Семь
62%
6Шесть
60%
8Восемь
60%
4Четыре
56%
9Девять
52%
10Десять
50%

Score Distribution

Percentile by Number Answered

Percent of People with Each Score

Your Score History

You have not taken this quiz